000
00315nam a2200157Ia 4500
100
_a
Chakrabarti/Soumen
942
_c
BK
366
_f
20
654
_a
mining
245
_a
Mining the web
260
_b
Elsevier
_c
2003
082
_a
4.65
_b
CHA
300
_a
344
546
_a
ENGLISH
_c
electronics
999
_c
21756
_d
21756